000 01400nam a2200373Ia 4500
001 Z_6929
003 CHAP
005 20230224185606.0
008 220113s2016 xx 000 0 und d
010 _a168960
040 _cCHAP
090 _aTesis J83 2535
100 _aJuárez Juárez, Gabriel
_9132046
245 _aPeroxidación lipídica en plasma, pulmones, corazón e hígado de pollos de engorda alimentados con extracto de semilla de uva y criados a 2278 m de altitud /
_cGabriel Juárez Juárez
260 _aMéxico :
_bEl autor,
_c2016
300 _a81 p.
502 _aTesis (Ingeniero Agrónomo Especialista en Zootecnia) -- UACh, 2016 \ Dirección: Arturo Pro Martínez; asesoría: Leodan Tadeo Rodríguez Ortega y Eliseo Sosa Montes
650 _aAvicultura
_98703
650 _aElevada altitud
_9143268
650 _aExtracto de semilla de uva
_9143269
650 _aPeroxidación lipídica
_9143270
650 _aPollo de engorda
_9143271
650 _aPollo macho ross
_9143272
650 _aVitamina e
_9143273
700 _a Rodríguez Ortega, Leodan Tadeo, asesor
_9143274
700 _a Sosa Montes, Eliseo, asesor
_9143193
700 _aPro Martínez, Arturo, director
_9137538
856 4 2 _uhttp://10.13.5.2/tesis/sist113138.pdf
_yDescargar PDF
901 _aTESIS J83 2535
902 _aM
910 _a2016
942 _c2
_2ddc
942 _c2
_2ddc
999 _c168960
_d168960